مكتبة جامعة عجلون الوطنية

فهرس بحث المكتبة

Normal view MARC view
  • القدس-تاريخ فلسطين- الوقف

Entry Topical Term

Number of records used in: 1

001 - CONTROL NUMBER

  • control field: 50572

003 - CONTROL NUMBER IDENTIFIER

  • control field: JO-AjAnu

005 - DATE AND TIME OF LATEST TRANSACTION

  • control field: 20230606082327.0

008 - FIXED-LENGTH DATA ELEMENTS

  • fixed length control field: 230606|| aca||aabn | a|a d

040 ## - CATALOGING SOURCE

  • Original cataloging agency: JO-AjAnu
  • Transcribing agency: JO-AjAnu

150 ## - HEADING--TOPICAL TERM

  • Topical term or geographic name entry element: القدس-تاريخ فلسطين- الوقف

670 ## - SOURCE DATA FOUND

  • Source citation: Work cat.: (JO-AjAnu)25853: دراسة واعداد المدني، زياد عبد العزيز محمد, author 50571, أوقاف القدس في القرن الثامن عشر الميلادي 1112هجري/1700م- 1214هجري/1977م